[Event "32. Open Barbera del Valles 2009"]
[Site "Barbera del Valles ESP"]
[Date "2009.07.12"]
[Round "9.18"]
[White "Capellades Subirana, Marc"]
[Black "Abhishek, Kelkar"]
[Result "0-1"]
[WhiteElo "2210"]
[BlackElo "2158"]
[PlyCount "140"]
[EventDate "2009.07.04"]
[EventType "swiss"]
[EventRounds "9"]
[EventCountry "ESP"]
[Source "lmi"]
[SourceDate "2009.07.04"]

1. e4 e5 2. Nf3 Nc6 3. Bc4 Nf6 4. d3 h6 5. c3 d6 6. Bb3 Qe7 7. Nbd2 Nh5 8. Nf1
g5 9. h3 Nf4 10. Ne3 Be6 11. Bxe6 fxe6 12. g3 Ng6 13. b4 Bg7 14. a4 O-O 15. Nh2
Rad8 16. Qh5 Qf7 17. O-O Kh7 18. Neg4 Nge7 19. Qxf7 Rxf7 20. Ba3 Kg6 21. Ne3
Ng8 22. Rad1 d5 23. c4 dxe4 24. dxe4 Nd4 25. Kg2 Nf6 26. f3 h5 27. Bb2 h4 28.
g4 Rfd7 29. Rf2 Ng8 30. Rfd2 Kf7 31. Bxd4 Rxd4 32. Nhf1 Ne7 33. Nc2 Ng6 34.
Nxd4 Nf4+ 35. Kh2 exd4 36. Ra2 Be5 37. Ra3 Ke7 38. Nd2 Nd3+ 39. Kg1 Nxb4 40.
Rb3 c5 41. a5 Bf4 42. Nf1 b6 43. axb6 axb6 44. Ra3 b5 45. cxb5 c4 46. b6 c3 47.
b7 c2 48. Re1 d3 49. Ra8 Rb8 50. Rxb8 Bxb8 51. Nd2 Na2 52. Nb3 c1=Q 53. Nxc1 d2
54. Nd3 dxe1=Q+ 55. Nxe1 Nb4 56. Kg2 Kd7 57. Kf2 Kc6 58. Ke3 Kxb7 59. Ng2 e5
60. Kd2 Ba7 61. Kc3 Nc6 62. Kc4 Nd4 63. Kd5 Nxf3 64. Ke6 Kc6 65. Kf5 Kd6 66.
Kf6 Bd4 67. Nxh4 gxh4 68. g5 Nxg5 69. Kxg5 Bf2 70. Kf5 Bg3 0-1

[Event "32. Open Barbera del Valles 2009"]
[Site "Barbera del Valles ESP"]
[Date "2009.07.12"]
[Round "9.21"]
[White "Alonso Gonzalez, Carlos"]
[Black "Garcia Gil, Javier"]
[Result "1-0"]
[WhiteElo "2138"]
[BlackElo "2203"]
[PlyCount "57"]
[EventDate "2009.07.04"]
[EventType "swiss"]
[EventRounds "9"]
[EventCountry "ESP"]
[Source "lmi"]
[SourceDate "2009.07.04"]

1. e4 d6 2. d4 Nf6 3. Nc3 g6 4. Be3 c6 5. h3 b5 6. a3 Qa5 7. Bd3 Bb7 8. b4 Qc7
9. f4 e5 10. Nf3 Nbd7 11. O-O Bh6 12. Qd2 Nh5 13. Ne2 exf4 14. Nxf4 Nxf4 15.
Bxf4 Bg7 16. c3 Nb6 17. e5 O-O 18. exd6 Qd8 19. Rae1 Nc8 20. Qe3 Nxd6 21. Qe7
Qxe7 22. Rxe7 Bf6 23. Rd7 Bd8 24. Bxd6 Bc8 25. Bxf8 Bxd7 26. Bc5 a5 27. Ne5 Be8
28. Be4 axb4 29. axb4 1-0

[Event "32. Open Barbera del Valles 2009"]
[Site "Barbera del Valles ESP"]
[Date "2009.07.12"]
[Round "9.22"]
[White "Sanchez Jerez, Emilio Miguel"]
[Black "Orzech, Dominik"]
[Result "1/2-1/2"]
[WhiteElo "2212"]
[BlackElo "2466"]
[PlyCount "40"]
[EventDate "2009.07.04"]
[EventType "swiss"]
[EventRounds "9"]
[EventCountry "ESP"]
[Source "lmi"]
[SourceDate "2009.07.04"]

1. e4 e5 2. Nf3 Nc6 3. Bb5 a6 4. Ba4 Nf6 5. d3 b5 6. Bb3 Be7 7. O-O O-O 8. Nc3
d6 9. h3 Na5 10. Nd5 Nxd5 11. Bxd5 c6 12. Bb3 Nxb3 13. axb3 f5 14. Re1 c5 15.
b4 cxb4 16. Bd2 fxe4 17. dxe4 Qe8 18. Bxb4 Qg6 19. Kh2 Be6 20. Re3 Rfd8 1/2-1/2

[Event "32. Open Barbera del Valles 2009"]
[Site "Barbera del Valles ESP"]
[Date "2009.07.12"]
[Round "9.23"]
[White "Rafols Albet, Josep"]
[Black "Rojas Keim, Luis"]
[Result "0-1"]
[WhiteElo "2105"]
[BlackElo "2453"]
[PlyCount "78"]
[EventDate "2009.07.04"]
[EventType "swiss"]
[EventRounds "9"]
[EventCountry "ESP"]
[Source "lmi"]
[SourceDate "2009.07.04"]

1. b3 Nf6 2. Bb2 e6 3. e3 d5 4. f4 Be7 5. Nf3 O-O 6. Be2 c5 7. O-O Nc6 8. Bb5
Qb6 9. Bxc6 Qxc6 10. Ne5 Qe8 11. d3 Nd7 12. Ng4 f6 13. Rf3 b5 14. Nd2 Bb7 15.
Rh3 f5 16. Ne5 Bf6 17. Ndf3 Nb6 18. d4 Nd7 19. dxc5 Nxc5 20. Ba3 Rc8 21. Qd4
Be7 22. Bb2 Ne4 23. Nd7 Bf6 24. Nxf6+ gxf6 25. Nd2 e5 26. Qd3 d4 27. exd4 exf4
28. d5 Ng5 29. Kh1 Nxh3 30. gxh3 Rxc2 31. Qxc2 Bxd5+ 32. Nf3 Bxf3+ 33. Kg1 Qe3+
34. Qf2 Kf7 35. Qxe3 fxe3 36. Bd4 f4 37. Re1 Rg8+ 38. Kf1 Rg2 39. Bxa7 e2+ 0-1

[Event "32. Open Barbera del Valles 2009"]
[Site "Barbera del Valles ESP"]
[Date "2009.07.12"]
[Round "9.24"]
[White "Avila Jimenez, Javier"]
[Black "Perpinya Rofes, Lluis Maria"]
[Result "1-0"]
[WhiteElo "2212"]
[BlackElo "2387"]
[PlyCount "75"]
[EventDate "2009.07.04"]
[EventType "swiss"]
[EventRounds "9"]
[EventCountry "ESP"]
[Source "lmi"]
[SourceDate "2009.07.04"]

1. d4 d6 2. c4 e5 3. dxe5 dxe5 4. Qxd8+ Kxd8 5. f4 Bb4+ 6. Nd2 Nc6 7. a3 Nd4 8.
Kf2 Bc5 9. b4 Nc2+ 10. bxc5 Nxa1 11. Bb2 Nc2 12. fxe5 Nh6 13. h3 b6 14. c6 Nf5
15. e4 Ne7 16. Bd3 Nxa3 17. Bxa3 Nxc6 18. Ngf3 Be6 19. c5 a6 20. cxb6 cxb6 21.
Rc1 Kd7 22. Nc4 Rhb8 23. Bd6 Rb7 24. Ra1 b5 25. Na5 Nxa5 26. Rxa5 Kc6 27. Bb4
Raa7 28. Ra1 Rd7 29. Ke3 Kb6 30. Ba5+ Kb7 31. Nd4 Ra8 32. Nf5 Bxf5 33. exf5 Rc8
34. Be4+ Ka7 35. e6 fxe6 36. fxe6 Rd6 37. Rf1 Re8 38. Rf7+ 1-0

[Event "32. Open Barbera del Valles 2009"]
[Site "Barbera del Valles ESP"]
[Date "2009.07.12"]
[Round "9.26"]
[White "Brookes, Christopher"]
[Black "Exposito Amaro, Josue"]
[Result "0-1"]
[WhiteElo "2046"]
[BlackElo "2231"]
[PlyCount "50"]
[EventDate "2009.07.04"]
[EventType "swiss"]
[EventRounds "9"]
[EventCountry "ESP"]
[Source "lmi"]
[SourceDate "2009.07.04"]

1. e4 c5 2. Nf3 Nc6 3. d4 cxd4 4. Nxd4 e5 5. Nb5 d6 6. N1c3 a6 7. Na3 Be6 8.
Nd5 Nf6 9. Bg5 Bxd5 10. Bxf6 Qa5+ 11. c3 Bxe4 12. Nc4 Qc7 13. Bxg7 Nd4 14. cxd4
Bxg7 15. dxe5 Bxe5 16. f3 Bc6 17. Bd3 O-O-O 18. Qc2 Bf4 19. g3 d5 20. Nd2 Rde8+
21. Kf2 Be3+ 22. Kg2 h5 23. Rhc1 h4 24. Bxa6 hxg3 25. hxg3 Qxg3+ 0-1

[Event "32. Open Barbera del Valles 2009"]
[Site "Barbera del Valles ESP"]
[Date "2009.07.12"]
[Round "9.27"]
[White "Castro Exposito, Cristobal"]
[Black "Ridameya Tatche, Jose Miguel"]
[Result "1/2-1/2"]
[WhiteElo "2027"]
[BlackElo "2123"]
[PlyCount "62"]
[EventDate "2009.07.04"]
[EventType "swiss"]
[EventRounds "9"]
[EventCountry "ESP"]
[Source "lmi"]
[SourceDate "2009.07.04"]

1. d4 Nf6 2. Bf4 e6 3. Nf3 b6 4. e3 Bb7 5. Be2 Ne4 6. h3 Be7 7. O-O O-O 8. c4
d6 9. Nbd2 Nxd2 10. Nxd2 Nd7 11. e4 Bf6 12. Be3 c5 13. dxc5 dxc5 14. Qc2 e5 15.
Rad1 Qe7 16. Nb1 Rad8 17. Nc3 Nb8 18. Nd5 Bxd5 19. cxd5 Qd6 20. Qa4 Rd7 21. Rc1
Rc7 22. b4 cxb4 23. Rxc7 Qxc7 24. Qxb4 Be7 25. Qb3 Nd7 26. f4 exf4 27. Bxf4 Bd6
28. Bxd6 Qxd6 29. Qc3 Nc5 30. Bf3 Re8 31. Re1 Re5 1/2-1/2